LEADER 01226nam--2200397---450- 001 990001081220203316 005 20090115103217.0 035 $a000108122 035 $aUSA01000108122 035 $a(ALEPH)000108122USA01 035 $a000108122 100 $a20020516d1998----km|y0itay0103----ba 101 0 $aita 102 $aIT 105 $aa|||z|||001yy 200 1 $aBusiness marketing$eil progetto-cliente nell'era del web$fLagioni Iginio, Loretta Battaglia Glauco T. Savorgnani 205 $a2. ed. riv. e ampliata 210 $aMilano$cTecniche Nuove$d1998 215 $aXX, 516 p.$cill.$d25 cm. 606 1 $aMarketing 606 2 $aCommercio elettronico 676 $a658.804 700 1$aLAGIONI,$bIginio$0108943 702 1$aBATTAGLIA,$bLoretta 702 1$aSAVORGNANI,$bGlauco T. 801 0$aIT$bsalbc$gISBD 912 $a990001081220203316 951 $a658.804 LAG 1 (IRA 6 699)$b10487/EC$cIRA 6$d00082023 959 $aBK 969 $aECO 979 $aSTELLA$b10$c20020516$lUSA01$h1221 979 $aJOHNNY$b90$c20021016$lUSA01$h1832 979 $aPATRY$b90$c20040406$lUSA01$h1715 979 $aRSIAV3$b90$c20090115$lUSA01$h1032 996 $aBusiness marketing$9625415 997 $aUNISA LEADER 00975nam0-22003011i-450 001 990007948100403321 005 20250404093136.0 035 $a000794810 035 $aFED01000794810 035 $a(Aleph)000794810FED01 100 $a20041112d1990----km-y0itay50------ba 101 0 $ager 102 $aDE 105 $a-f------001yy 200 1 $aIntonation in Gesprächen$eein Beitrag zur Methode der kontrastiven Intonationanalyse am Beispiel des Deutschen und Französischen$fFriederike Jin 210 $aTübingen$cNiemeyer$d1990 215 $aVIII, 185 p., tav$d24 cm 225 1 $aLinguistische Arbeiten$v248 610 0 $aLingua tedesca e lingua francese$aIntonazione$aAnalisi comparata 676 $a431.6 700 1$aJin,$bFriederike$0289690 801 0$aIT$bUNINA$gRICA$2UNIMARC 901 $aBK 912 $a990007948100403321 952 $a401.45 JINF 01$b2025/1889$fFLFBC 959 $aFLFBC 996 $aIntonation in Gesprächen$9222113 997 $aUNINA